000 01388nam a2200409 c 4500
001 52538
003 ES-MaCES
005 20250203134035.0
008 221116s2022 sp l ||| | spa d
017 _aM 11640-2022
_bDL
020 _a9788418899652
040 _aES-MaCES
_bspa
_cES-MaCES
245 0 0 _aMemento práctico Francis Lefebvre, personas con discapacidad 2022-2023
250 _aAct. a 29 de abr. de 2022
260 _aMadrid
_bFrancis Lefebvre
_c2022
300 _a686 p.
_c24 cm
500 _aÍndices
541 _cCompra
650 4 _apersona con discapacidad
_928689
650 4 _aderechos de las personas con discapacidad
_929698
650 4 _aintegración de las personas con discapacidad
_929681
650 4 _aadministración fiscal
_927209
650 4 _aimpuesto
_928086
650 4 _alegislación del trabajo
_927166
650 4 _alegislación de seguridad social
_929855
650 4 _aservicios sociales
_927056
650 4 _acuidado a las personas con discapacidad
_927063
650 4 _aaccesibilidad
_929338
650 4 _aEspaña
_926964
650 4 _a2022
_940274
650 4 _aguía
_929262
653 1 0 _aDerecho del trabajo y Seguridad Social
710 2 _92636
_aEdiciones Francis Lefebvre
_eed.
787 0 _tMemento práctico Francis Lefebvre, urbanismo 2021
_w(ES-MaCES)51770
902 _aLIB Libro
942 _2CES
_cBK
_h6.0.1.
999 _c52538
_d52538